000 00559cam a22001217a 4500
008 180718b1961 xxu||||| |||| 00| 0 eng d
082 _aT068x54 In2
245 _aNational sample survey
_cby The Cabinet Secretariat
260 _aDelhi
_bGovernment of India
_c1961
300 _av.p.
500 _aContents : Library has thirteenth tenth fourteen round, no50, no71, no25, no16, no19, no27, no28, no33, no4, no 11,14, 2, 3, 109, 113, 120, 131, 135, 137, 141, 90, 93, 97, 105, 108, 87, 101, 65, 74, 76, 55, 61, 80, 84, 85
700 _aIndia. The Cabinet Secretariat
999 _c496763
_d496763